000 00702nam a2200229Ia 4500
001 8932
003 GE_BSU
008 181216s||||||||xx |||||||||||||| ||und||
040 _cGE_BSU
080 _a821.353.1–31
100 _aკეჭაღმაძე,გიორგი
245 _aგზა თავსა წინა
245 _bრომანი
245 _cრედ.მ.სანადირაძე;მხატვ.ც.გაჩეჩილაძე
260 _aთბილისი
260 _bმერანი
260 _c1988
300 _a179გვ.19სმ.
653 _aგზა თავსა წინა
653 _aრომანი
942 _cBK
999 _c42237
_d42237